| 000 | 00465nam a22001217a 4500 | ||
|---|---|---|---|
| 999 |
_c18728 _d18728 |
||
| 008 | 210202b xxu||||| |||| 00| 0 eng d | ||
| 050 |
_aGMB0189 _b.W65 2016 c.1 |
||
| 100 | _aWoiye, Martha Wausi | ||
| 245 |
_aEffects of Unionization on Employees' Performance in Family Owned Businesses in Kenya _ba Case Study of Steel Structures Limited _cMartha Wausi woiye |
||
| 260 |
_aKabarak, Nakuru, Kenya _bKabarak University _c2016 |
||
| 300 | _a73 leaves | ||
| 942 |
_2lcc _cTHE |
||